000 00637nam a2200217 a 4500
001 13402
003 BD-JhCC
005 20230917090427.0
008 230916b2019 bg |||| ||a| 000 0 ben d
035 _a(BD-JhCC)13402
040 _aBD-JhCC
_dBD-JhCC
041 _abengali
082 _a398.1
_bABU 2019
100 _aআবু সা‘আদ, মাওলানা
245 _aগল্পে গল্পে একদিন /
_c মাওলানা আবু সা‘আদ।
260 _aঢাকা:
_bআবরণ;
_c2019.
300 _a80 p. :
_c22 cm.
650 _aFable stories
942 _2ddc
_cBK
999 _c13402
_d13402